| 000 | 00414nam a22001457a 4500 | ||
|---|---|---|---|
| 005 | 20171019112808.0 | ||
| 008 | 171019b xxu||||| |||| 00| 0 eng d | ||
| 040 | _cPK-LaUMT | ||
| 082 |
_aPKAC 320.954918 _bRAS-S |
||
| 100 | _aRasheed Jamal | ||
| 245 |
_aSindh Khoon kab tak bahy ga?/ _cRasheed Jamal |
||
| 260 |
_aکراچی: _bپاکستانی ادب پبلیکیشنز، _c1993 |
||
| 300 | _a167 ص | ||
| 942 | _cBK | ||
| 999 |
_c99322 _d99322 |
||